000 00567nam a22002057a 4500
003 OSt
005 20180314194618.0
008 180314b xxu||||| |||| 00| 0 eng d
020 _a9780273739081
040 _cDNLM
082 _aWY100 F881b 2012
100 _aKozier, Barbara [et..al]
_96200
245 _aFundamentals of Nursing:concepts, process and practice
250 _a2nd ed.
260 _aEngland; Pearson, 2012
300 _axxi,872p; col.ill: 28cm
504 _aGlossary, & index included
650 _aNursing procedures
_97359
942 _2z
_cO_SHELF
999 _c6040
_d6040